000 01333nam0a22002771 4500
001 v19\rc\1755011
005 20260406075234.0
035 _a(NLR Aleph) 004857690
090 _a4980606
_c4980606
100 _a20061204d1903 u y0rusy50 ca
101 0 _arus
102 _aRU
105 _ay z |||||
200 1 _aО материальной и юридической необеспеченности русского народного учителя
_eДокл. № 20 делегата О-ва взаим. вспомоществования учащим и учившим в нар. уч-щах Сарат. губ. С.В. Аникина
_fСъезд представителей о-в вспомоществования лицам учит. звания 1902/3 уч. г. в Москве
210 _a[Москва]
_cтипо-лит. А.В. Васильева и К°
_d[1903]
215 _a12 с.
_d22
300 _aВ конце текста авт.: С.В. Аникин
309 _aБез тит. л. и обл.
700 1 _7ca
_8rus
_aАникин
_bС. В.
_f1869-1919
_gСтепан Васильевич
_3RU\NLR\AUTH\770163140
_9163096
801 0 _aRU
_bNLR
_gpsbo
801 0 _aRU
_bRuMoRGB
_2psbo
801 1 _aRU
_bProSoft-M
_2rusmarc
852 _aNLR
_j37.70.2.94(№ 20)
942 _cBOOK
980 _aNB